[Event "Bundesliga 0304"]
[Site "Germany"]
[Date "2003.12.14"]
[Round "6.7"]
[White "Baburin, Alexander"]
[Black "Schmaltz, Roland"]
[Result "0-1"]
[WhiteElo "2541"]
[BlackElo "2519"]
[Annotator "Golod,V"]
[PlyCount "108"]
[EventDate "2003.11.01"]
[EventType "team-tourn"]
[EventRounds "15"]
[EventCountry "GER"]
[SourceTitle "CBM 099"]
[Source "ChessBase"]
[SourceDate "2004.03.30"]
[SourceVersion "1"]
[SourceVersionDate "2004.03.30"]
[SourceQuality "1"]
[WhiteTeam "Bremer SG"]
[BlackTeam "Baden Oos"]
[WhiteTeamCountry "GER"]
[BlackTeamCountry "GER"]

1. d4 Nf6 2. c4 e6 3. Nc3 Bb4 4. Qc2 O-O 5. a3 Bxc3+ 6. Qxc3 d6 7. Bg5 Nbd7 8.
Nf3 b6 9. e3 Bb7 10. Nd2 a5 $5 {Black's idea is: "a4" with the block of the
Pb2. Besides Black has two main alternatives:} (10... Rc8 $5 {You can see my
annotations to game: Mikhalchishin,A-Graf,A/Leipzig,2002/CBM 89(1/2-1/2)(37)})
({and} 10... c5 $5 {You can see my comments to Seirawan,Y-Gelfand,B/Prague,
2002/CBM 89(0-1)(42)}) 11. f3 a4 $146 {[%csl Ra3,Ga4,Rb2]} ({The game which
has reached this position wase continued as follows:} 11... c5 $5 12. Bd3 h6
13. Bh4 cxd4 14. Qxd4 Nc5 15. Bc2 e5 16. Qc3 a4 17. e4 Bc6 18. Bf2 {+/=/=
Soffer,R-Yudasin,L/Israel,1999(1/2-1/2)(36)}) 12. Bd3 ({It deserves attention:
} 12. e4 e5 13. d5 Nc5 $132 {[%csl Gc5]}) 12... c5 13. O-O Qc7 14. Rac1 {
+/=/= Last moves were made according to the standard chess norms.} Rfc8 {
><c4;<->c} 15. Qc2 $6 {White had a uneasy choice and he did not manage to find
the best continuation:} (15. Ne4 $5 Nxe4 $140 16. fxe4 f6 $5 (16... cxd4 $143
17. exd4 Nc5 $5 {[%csl Gc7,Rg1,Rg5]} 18. d5 exd5 19. exd5 (19. cxd5 $2 Qd7 $17
{[%csl Rc1,Rc3,Rf1][%cal Gc5b3,Gc5e4,Gc5d3,Yb7a6]}) 19... Nxd3 20. Qxd3 Ba6 21.
Qg3 $14 {[%csl Rd6,Rg8]}) 17. Bh4 Re8 18. Bg3 {+/=/=}) 15... h6 $5 {It was
possible not to include this intermediate move and to play at once:} (15...
cxd4 $5 16. exd4 d5 (16... b5 $2 17. cxb5 Qb6 18. Nc4 Qxd4+ (18... Qxb5 $143
19. Bxf6 Nxf6 20. Nxd6 {[%csl Rb5,Rc8]} Rxc2 21. Bxb5 Rxb2 22. Rc7 {[%csl Rb7,
Rf7]} Bd5 23. Rfc1 $16 {[%csl Ra4,Rf7,Rg8]}) 19. Be3 Qd5 20. Rfd1 $14 {[%csl
Rd5]}) 17. Qd1 Qd6 18. Qe2 Ba6 $11) 16. Bh4 $140 cxd4 17. exd4 d5 $11 {[%csl
Rf4]} ({Again it was very dubiously:} 17... b5 18. cxb5 Qb6 19. Nc4 Qxd4+ (
19... Qxb5 $143 20. Nxd6 Rxc2 21. Bxb5 Rxb2 22. Bxd7 Nxd7 23. Rc7 {[%csl Rb7,
Rd7]} Ba6 24. Rxd7 Bxf1 25. Kxf1 $16) 20. Bf2 Qd5 21. Rfd1 $14 {[%csl Rd5]})
18. Qd1 ({I can not recommended in this position:} 18. Bg3 {because of:} Qd8 {
/\Nh5 (ץg3,f4)}) 18... Qf4 {[%csl Rd3,Rd4,Rg1,Rh4][%cal Gf4e3,Ge3g1,Ge3d3]}
19. Bf2 $8 (19. Bxf6 $2 Nxf6 $17 {[%csl Rd4]}) 19... Ba6 20. Qe2 (20. Re1 $5
dxc4 21. Nxc4 Nd5 $11) 20... dxc4 21. Nxc4 Nd5 22. g3 $6 {After this
inaccurate move White will have to fight for equality.} (22. Rc2 $142 Qg5 {
[%csl Re2,Rg2][%cal Gd5f4]} (22... Rc6 {[%cal Ga8c8]} 23. Rfc1 Bxc4 24. Bxc4 (
24. Rxc4 $4 Qxc1+ 25. Rxc1 Rxc1+ 26. Be1 Nf4 $19 {[%csl Rd3,Re1,Ye2][%cal
Gf4d3,Ye2d3,Ye2e1,Gc1e1]}) 24... Rac8 25. Qe1 $11) 23. Bg3 Nf4 $140 24. Bxf4
Qxf4 25. Qe4 $1 {[%csl Rf4,Rg8]} Qxe4 26. fxe4 $11) 22... Qg5 {[%csl Rd3,Re2,
Rg1][%cal Gd5f4]} 23. h4 {The not compelled easing of the king side!} (23. Be3
$5 Nxe3 24. Nxe3 (24. f4 $143 Qd8 25. Qxe3 Nf6 $15) 24... Bxd3 25. Qxd3 Rxc1
26. Rxc1 Rd8 {=/+/=}) 23... Qd8 24. Nd6 ({Is a possible continuation of the
play:} 24. Rc2 Rc6 25. Rfc1 Rac8 $15) 24... Rxc1 25. Rxc1 Bxd3 26. Qxd3 N7f6
27. Ne4 (27. Nb5 $143 Qd7 {[%cal Yf6e8,Ye8c7,Ye8d6]}) 27... Rc8 $1 {The
exchange of the rooks for the benefit of Ronald Schmaltz,as White's R occupies
more active position,than Black's R.} 28. Nxf6+ gxf6 $5 {[+]} ({After:} 28...
Nxf6 29. Rxc8 Qxc8 30. Qb5 {[%csl Ra4,Rb6]} Qa8 {[%csl Rf3]} 31. Kg2 Nd5 32. h5
{[%csl Rf7,Rg7,Gh5,Rh6] Black keeps only minimal positional advantage in
endgame.}) 29. Rc4 $6 (29. Rxc8 $142 Qxc8 $140 30. Be3 $1 {[%csl Ye3,Rh6][%cal
Ye3c1,Ge3h6]} Qc7 {[%csl Rg3]} (30... h5 $5) 31. Kf2 Kg7 (31... Nxe3 $5 32.
Qxe3 Qc2+ 33. Qe2 Qc1 {=/=/+}) 32. h5 {[%cal Gd3d2] =/=/+}) 29... Rxc4 30. Qxc4
Qd7 $15 31. Kf1 {[%cal Yf1e2] White have decided to move the king close to the
centre.In my opinion,it was better:} (31. g4 {[%cal Gf2g3] /\Bg3,Kf2}) 31...
Kg7 32. Ke2 f5 33. Be3 (33. g4 $5 fxg4 34. fxg4 Qd6 $1 {[%csl Rg4][%cal Gd6f4]}
35. Qxa4 Qf4 36. Qb3 Qxg4+ 37. Qf3 h5 $5 $15) 33... h5 $1 {[%csl Yf5,Yh5] Now
Alexander Baburin is completely without counterplay.} 34. Bd2 f6 35. Kf2 Kf7 {
Black gradually strengthens the position of his pieces and prepares for an
exchange of queens.} 36. Bf4 Ne7 37. Be3 b5 38. Qc5 Qd5 {[%csl Rb2][%cal Gd5b3]
} 39. Qxd5 $2 {White exchanges the queens in the most improper place.} ({
Can be recommended:} 39. Bd2 $5 {[%cal Gd2b4]}) 39... Nxd5 40. Bd2 Ke8 $138 41.
Kg2 {[%cal Gg2h3,Gg3g4]} Kf7 {[%cal Yf7g6]} 42. Kh3 Kg6 43. Bf4 ({It was
dubiously:} 43. g4 $6 {in view of:} e5) (43. Kg2 $5 e5 {=/+/-/+}) 43... b4 ({
After:} 43... Nxf4+ $2 44. gxf4 {drawn game is inevitable:} Kf7 45. Kg2 Ke7 46.
Kf2 Kd6 47. Ke2 Kd5 48. Kd3 e5 49. fxe5 fxe5 50. dxe5 Kxe5 51. Ke3 f4+ 52. Kd3
Kd5 53. Kc3 Kc5 54. Kd3 Kd5 $11 (54... b4 55. Ke4 {[%csl Gf3]})) 44. axb4 $2 {
After this inaccurate move White cannot expect for rescue.} (44. Bd2 $6 b3 $5
$17 {[%csl Ra3,Rb2][%cal Ge6e5,Ge5e4]}) ({It was necessary:} 44. Kg2 {=/+/-/+})
44... Nxb4 {[%csl Rb2][%cal Gb4d3]} 45. Bd6 (45. Bd2 $2 Nd3 $1 46. Bc3 $140
Nf2+ 47. Kg2 Nd1 $19 {[%csl Ga4,Rb2,Yc3][%cal Gd1c3,Yc3b2,Gd1b2,Ga4a3,Ga3a2,
Ga2a1]}) 45... Nd3 46. Ba3 Ne1 $1 47. f4 Kf7 {[%cal Yf7e8,Ye8d7,Yd7c6,Yc6d5]
Already it is possible to not be afraid of progress "g4".} 48. Bb4 Nc2 49. Bc3
$2 {It's the last mistake in a hopeless position.} ({More stubborn resistance
after:} 49. Bc5 $8 Ne3 50. Ba3 (50. Kh2 $2 Nc4 51. Ba3 Nxa3 52. bxa3 Ke7 53.
Kg2 Kd6 54. Kf3 Kd5 55. Ke3 Kc4 $22 $19) 50... Ke8 (50... e5 $143 51. fxe5 fxe5
52. dxe5 Ke6 53. Bc5 Nd1 54. Bd4 Kd5 55. e6 Kxe6 56. Kg2 $17) 51. Kh2 Kd7 52.
Kg1 Kc6 (52... Nc4 $6 53. Kf2 {[%cal Yf2e2,Ye2d3]}) 53. Kf2 Ng4+ $1 54. Ke2 Kd5
55. Kd3 (55. Bc5 $2 e5 {[%csl Rc5]}) 55... Nf2+ {[%csl Rd4,Rg3][%cal Gf2e4]}
56. Kc3 $8 Ne4+ 57. Kb4 Nxg3 58. Kxa4 Ne2 59. b4 Nxf4 60. b5 e5 61. dxe5 fxe5
62. Ka5 Ne6 63. b6 f4 64. Ka6 (64. b7 $143 Nd8 {[%csl Ra5,Rb7][%cal Gd8c6]} 65.
b8=N f3) 64... Nd8 65. Bc1 f3 66. Be3 Ke4 67. Bc5 Kd3 $19 {[%csl Ge5,Gf3][%cal
Ge5e4,Ge4e3]}) 49... Ne3 $19 {[%csl Ga4,Rb2,Rc3][%cal Ge3d1] The rest is a
matter of technics.} 50. d5 (50. Bb4 Ke8 51. Kh2 Kd7 52. Kg1 Kc6 $19 {[%csl
Rb2,Rd4,Ye3,Rg1][%cal Gc6d5,Ge3d1]}) 50... exd5 51. Bd4 Nc2 52. Bb6 Ke6 53. Kg2
d4 54. Kf3 Kd5 ({After:} 54... Kd5 {White resigns because of this variation:}
55. Bd8 Kc4 56. Bxf6 Kb3 {[%csl Rb2][%cal Gb3b2,Ga4a3,Ga3a2]} 57. g4 fxg4+ 58.
Ke4 Kxb2 59. Be7 g3 $1 60. Kf3 $140 Ne3 {[%csl Ga4,Gd4,Ye3][%cal Ye3f5,Ga4a3]}
61. Bc5 Nf5 $19) 0-1

[Event "North Sea Cup 18th"]
[Site "Esbjerg"]
[Date "2003.07.12"]
[Round "9"]
[White "Sasikiran, Krishnan"]
[Black "Hansen, Curt"]
[Result "1-0"]
[WhiteElo "2658"]
[BlackElo "2610"]
[Annotator "Golod,V"]
[PlyCount "79"]
[EventDate "2003.06.04"]
[EventType "tourn"]
[EventRounds "9"]
[EventCountry "DEN"]
[EventCategory "15"]
[SourceTitle "CBM 096"]
[Source "ChessBase"]
[SourceDate "2003.09.25"]
[SourceVersion "1"]
[SourceVersionDate "2003.09.25"]
[SourceQuality "1"]

1. d4 Nf6 2. c4 e6 3. Nc3 Bb4 4. Qc2 O-O 5. a3 Bxc3+ 6. Qxc3 d6 7. f3 c5 8.
dxc5 dxc5 9. Nh3 $5 $146 {Novelty on the early stage of the game.White's idea
is very simple: Nf2 (to define a position of the knight) and e3 (taking
control under points d4 and e4). Comments to this part of the game(7-8 moves),
also 9.b4!?; 9.Bf4 /\Rd1(><d6)} ({and} 9. Bg5 $5 {you can find in annotations
to game: Ragozin,E-Aseev,K/St.Petersburg,2000/CBM 76(1-0)(Golod,V)(37)}) 9...
Nc6 10. Nf2 h6 11. e3 (11. g4 $5 {[%csl Rg8][%cal Gg4g5] It's very risky idea
and from my point of view, it is better to apply him in a rapid chess.}) 11...
a5 {[%csl Ya5,Yc5][%cal Ya5b4,Yc5b4] This move is directed against progress
"b4".} 12. Bd2 e5 {[%cal Gc8f5]} ({Is a possible continuation of the play:} 
12... Qe7 {[%cal Gf8d8]}) 13. Bd3 $5 {Last moves were made according to the
standard chess norms.} Qe7 14. Qc2 {White takes the /^ b1-h7 and ><e4 under
control.} Be6 15. O-O {+/=/=} a4 $5 {[%cal Ya4b3]} ({In this position I would
accept the following decision:} 15... Rfd8 $5 {/\Rd7 and Rad8 <->d}) 16. Rfe1
Nd7 ({Again can be recommended:} 16... Rfd8) 17. Ne4 {It is necessary to
improve an location of the knight.} f5 18. Nc3 Nb6 19. Rad1 e4 $6 {Besides
this dubious move,Black has few alternatives:} (19... Nxc4 $2 20. Bxc4 Bxc4 21.
Nxa4 {[%csl Rc4,Rc5][%cal Ga4b6]}) (19... Bxc4 $4 {is refuted by:} 20. Bxc4+
Nxc4 21. Nd5 Qh4 22. g3 $18 {[%csl Rc4,Yh4][%cal Gg3h4,Yh4c4,Gc2c4]}) (19...
Qf7 {[%csl Rc4]} 20. Nd5 $1 Nxd5 21. cxd5 Bxd5 22. Qxc5 Bb3 23. Bc3 {[%csl Rf7,
Rg8][%cal Gd3c4] +/=/=}) ({and} 19... Kh8 $5 $13) 20. fxe4 fxe4 ({Absolutely
unjustified sacrifice of the pawn:} 20... Bxc4 $2 21. Bxc4+ Nxc4 22. exf5 $16)
21. Bxe4 {White have calculated precisely all consequences of this move.} (21.
Nxe4 $6 Ne5 $36 {[%csl Rc4][%cal Ge6g4]}) 21... Bxc4 ({Impossibly:} 21... Nxc4
$4 {because of:} 22. Nd5 {[%csl Rc4]} Qd6 23. Qxc4 b5 {[%csl Rd5]} 24. Qd3 {
[%csl Rd6][%cal Gd5f6]} Rad8 25. Bc3 $18 {[%csl Yd1,Yd3,Ye4]}) 22. Nxa4 Rxa4
$140 $8 ({Very badly:} 22... Nxa4 $2 {in view of:} 23. Qxc4+ Kh8 24. Bb1 $1 $16
{[%csl Gb1,Gc4,Rh8][%cal Gc4c2]}) 23. b3 Rxa3 ({It deserves attention:} 23...
Bxb3 24. Qxb3+ Qf7 (24... c4 $2 25. Bd5+ $1 {[%csl Ra4,Yb6][%cal Gb3b6,Yb6a4]})
25. Qxb6 (25. Qb1 $5) 25... Rxe4 26. Qxc5 Nd4 $1 $44 {[%csl Rg1][%cal Gf7f2]})
24. bxc4 {BB/NN} Nb4 {It's discrepancy,which allows to improve a position of
the White's pieces.} (24... Ne5 $5) 25. Qb1 $1 $14 ({Leads to favourable
simplifications for Black:} 25. Bxb4 cxb4 26. Rd4 Kh8 (26... Rc8 $5) 27. Qd2
Rc3 $13) 25... Kh8 (25... Nxc4 $4 26. Bxb4 cxb4 27. Bd5+ {[%csl Rc4,Rg8]}) 26.
Rc1 {[%csl Yc1,Rc4][%cal Yc1c4]} Na4 {[%cal Gf8d8] Black wants immediately to
begin pressure on the White's pieces.} (26... Ra4 $5 {[%csl Rc4]}) 27. Rf1 {
[%csl Rh8] For White it is certainly favourable to exchange these rooks.} Rd8 {
[%csl Rd3][%cal Gb4d3]} 28. Rcd1 ({After:} 28. Rf2 $6 {Curt Hansen equalizes a
game:} Nd3 29. Bxd3 Raxd3 $11) 28... Nc3 $2 {Probably this mistake connected
to the tactical miscalculation.} ({It was necessary:} 28... Rxd2 $1 29. Rxd2
Nc3 {[%csl Rb1,Re4]} 30. Rd7 $1 {[%csl Rh8][%cal Gf1f8]} (30. Qb2 $2 Nxe4 31.
Qxa3 Nxd2 $19) 30... Qxe4 31. Rf8+ $1 (31. Qxe4 $2 Nxe4 {[%csl Rg1]} 32. h3
Rxe3 33. Rff7 Rg3 $17) 31... Kh7 $140 32. Qf1 {[%csl Rg7] /\32.Rxg7+ Kxg7 33.
Qf6+ Kh7 34.Rh8#} Qb1 $1 (32... Qg6 $2 33. Rff7 Nc6 34. Rxb7 $16) 33. Qxb1+
Nxb1 34. Rff7 {[%csl Rb7,Rg7]} Kg6 35. Rxg7+ Kf6 $14) 29. Bxc3 Rxc3 $8 ({
Loses right away:} 29... Rxd1 30. Qxd1 Rxc3 (30... Qxe4 $2 31. Bxg7+ Kh7 (31...
Kxg7 32. Qd7+ {with mate in 7 moves}) 32. Qd7 $18 {[%csl Rh7]}) 31. Qg4 $1 {
[%csl Rh8][%cal Gg4g6]} Qe8 32. Qf5 Qg8 (32... g6 $2 33. Qf6+ {[%csl Rc3,Rh8]})
33. Ra1 $1 {[%csl Yg8,Rh8][%cal Ga1a8,Gf5h7]} Na6 34. Bxb7 Nb8 (34... Nc7 $2
35. Qe5 {[%csl Rc3,Rc7]}) 35. Rf1 $18) 30. Rxd8+ Qxd8 31. Qb2 $1 {Krishnan
Sasikiran makes this move in the most suitable moment.} (31. Bg6 $143 Qg8 (
31... Rxe3 $4 32. Qf5 {[%csl Rh8][%cal Gf5f8]} Qg8 33. Qxc5 {[%csl Rb4,Re3]
[%cal Gc5e3,Gc5b4,Gf1f8]}) 32. Rf3 {[%cal Gb1f1]} Ra3 {[%cal Ya3a8,Ya8f8] +/=/
+/-}) 31... Rxe3 $2 {Black obviously have lost a "string of game".} (31... Rxc4
$142 {but,after:} 32. Qe5 $16 {[%csl Ge4,Ge5,Gf1,Rh8] White develop a strong
attack, all their pieces are ready for this purpose.}) {[%tqu "En","Please
enter the best move for White.","It is necessary to use a weakness of the
Black's king!","","b2d2","",10]} 32. Qd2 $1 {[%csl Rd8,Re3,Gf1,Rh8][%cal Gf1f8]
} Rd3 $8 33. Bxd3 Qd4+ $2 {It's already decisive mistake.} (33... Nxd3 $2 34.
Qe3 {[%csl Rc5,Yd3][%cal Gf1d1,Yd3c5]}) ({It is sole practical chance on
rescue:} 33... Qxd3 34. Qf4 $40 {[%csl Rh8] +/-/+-} (34. Qxd3 $6 Nxd3 {[%csl
Rc4]} 35. Rf7 Ne5 36. Rxb7 Nxc4 37. Rc7 {[%csl Rc5] RPP/NPP})) 34. Qf2 $18 Nxd3
(34... Qxf2+ 35. Kxf2 $1 Nxd3+ 36. Ke3 {[%csl Ye3]} Ne5 37. Rc1 {[%cal Ge3e4,
Ge4d5,Yc1c4]}) (34... Qxd3 35. Qxc5) 35. Qxd4 cxd4 36. Rf8+ $1 {The accuracy
is necessary up to the end.} Kh7 37. Rd8 Nf4 {[%cal Yf4e2]} 38. g3 Ne6 (38...
Ne2+ $144 39. Kf2) 39. Rd6 {[%csl Rd4,Ye6][%cal Gd6e6,Ye6d4,Gd6d4]} Ng5 40. Kg2
{[%csl Rb7,Gc4,Rd4][%cal Yg2f3] In this hopeless position Curt Hansen stopped
to resist.} 1-0

[Event "Enghien les Bains"]
[Site "Enghien les Bains"]
[Date "2003.06.14"]
[Round "2"]
[White "Bareev, Evgeny"]
[Black "Gelfand, Boris"]
[Result "1/2-1/2"]
[WhiteElo "2734"]
[BlackElo "2700"]
[Annotator "Golod,V"]
[PlyCount "66"]
[EventDate "2003.06.13"]
[EventType "tourn"]
[EventRounds "9"]
[EventCountry "FRA"]
[EventCategory "17"]
[SourceTitle "CBM 096"]
[Source "ChessBase"]
[SourceDate "2003.09.25"]
[SourceVersion "1"]
[SourceVersionDate "2003.09.25"]
[SourceQuality "1"]

1. d4 Nf6 2. c4 e6 3. Nc3 Bb4 4. Qc2 O-O 5. a3 Bxc3+ 6. Qxc3 d6 7. f3 d5 $5 8.
Bg5 Nbd7 9. e3 Re8 $5 (9... c6 $5 {You can see comments to Gurevich,M-Psakhis,
L/Ohrid,2001/CBM 84(0-1)(Psakhis,L)(41)}) 10. Ne2 $5 $146 {Novelty on the
early stage of the game.White's idea is very simple: Ng3 (to define a position
of the knight),but probably in the beginning Bd3 or cxd5.} ({The games,which
have reached this position were continued as follows:} 10. Nh3 $5 c6 ({
comments to:} 10... h6 $5 {you can find in annotations to game: Gurevich,
M-Psakhis,L/Ohrid,2001/CBM 84(0-1)(Psakhis,L)(41)}) 11. Be2 h6 12. Bh4 e5 13.
cxd5 Nxd5 (13... cxd5 $5) 14. Bxd8 Nxc3 15. bxc3 Rxd8 16. Nf2 {+/=/= Golod,
V-Bauer,C/ICC,2003(1-0)(101)}) ({and} 10. cxd5 exd5 11. Bh4 Qe7 12. Bf2 c5 $1 {
See comments to Seirawan,Y-Sax,G/Wijk aan Zee,1992/CBM 28(1/2-1/2)(Ftacnik,L)
(46)}) 10... b6 ({It deserves attention:} 10... c6 {/\e5 immediately, or after
"h6".}) 11. cxd5 ({Now senselessly:} 11. Ng3 {because of:} h6 {[%csl Rg5]})
11... exd5 {More essentially next continuation:} (11... Nxd5 $5 12. Bxd8 Nxc3
13. Bxc7 Nd5 {[%csl Rc7,Re3]} 14. Bf4 {[%cal Yf4e3,Ye2f4]} Ba6 $1 $44 {[%csl
Rc2,Gd5,Ye2][%cal Ga6e2,Ye2f4,Ga8c8,Gc8c2,Ge6e5]} 15. Kf2 Rac8 $5 (15... Bxe2
$6 16. Bxe2 Nxf4 17. exf4 $14) 16. Bd6 Rc2 $44) 12. Ng3 Bb7 {White can finish
development, as Black's pieces are located unsuccessfully and they will not
have time to attack on Pe3 and Bg5:} (12... h6 $6 13. Bf4 $140 {[%csl Rc7]} c5
14. Bb5 Re6 {[%cal Ga7a6]} 15. O-O c4 16. Ba4 $14) 13. Bd3 h6 14. Bf4 {[%csl
Yd3,Gf4][%cal Yd3h7,Gf4c7] +/=/= White takes under control two important
diagonals.} Rc8 ({I can not recommended in this position:} 14... g5 15. Be5) ({
or} 14... c5 15. O-O $14 {[%csl Rd6][%cal Gg3f5,Gf5d6]} (15. Nf5 $143 cxd4 16.
Qxd4 Nc5 {[%csl Ra1,Rd4][%cal Gc5b3,Gc5e6]})) 15. O-O Nf8 ({Again pretty
dubiously:} 15... c5 $6 {in view of:} 16. Nf5 {[%csl Rd6]}) 16. Be5 ({Leads to
equality:} 16. Bf5 $6 Ne6 17. b4 Nd7 {[%csl Rf4]}) 16... N6d7 {[%csl Rc3,Re5]
[%cal Gd7e5,Gc7c5]} 17. Nf5 {[%csl Ge5,Gf5,Rg7]} ({Hardly it was better:} 17.
Rac1 c5 $132 (17... Nxe5 $5 18. dxe5 Ne6 {[%cal Gd5d4]} 19. Nf5 a6 $11 {
[%csl Ya6][%cal Ya6b5]})) 17... Nxe5 ({Leads to favourable complications for
White:} 17... Ne6 $6 18. Bg3 $140 c5 $2 19. Nd6 cxd4 20. Qd2 {[%csl Rb7,Rc8,
Re8]} dxe3 21. Qxe3 $16 {[%csl Rb7,Re8]}) 18. dxe5 Ne6 ({A little prematurely:
} 18... Qg5 19. Rad1 (19. f4 $2 Qxg2+ 20. Kxg2 d4+ 21. Kf2 dxc3 22. bxc3 Rcd8
23. Bb5 (23. Rad1 $143 Rxd3 24. Rxd3 Be4 {[%csl Rd3,Rf5]} 25. Nxh6+ gxh6 26.
Rg1+ Kh7 27. Rd4 Bb7 {=/=/+}) 23... Rd2+ {[%cal Ge8d8]} 24. Ke1 {[%csl Rd2,Re8]
} Red8 25. Nd6 {[%csl Rd2]} Bg2 $1 26. Kxd2 (26. Rg1 $2 Rb2 {[%csl Rb5,Rd6]})
26... Bxf1 27. Rxf1 cxd6 28. exd6 Rxd6+ 29. Kc2 $11) 19... Ne6 20. h4 $1 Qd8
$140 21. Bb5 $1 c6 (21... Rf8 $2 22. Bc6 $16 {[%csl Rd5]}) 22. Be2 $14 {
[%csl Rd6][%cal Gf5d6]}) 19. Bb5 $5 Rf8 (19... c6 $6 20. Bd3 {[%csl Rd6][%cal
Gf5d6]}) 20. Rad1 {[%csl Gd1,Rd8][%cal Ge3e4]} ({Leads to benefit of the
contender:} 20. Bc6 $6 d4 $1 $11) 20... Qg5 21. g4 {[%cal Gh2h4]} ({In this
position I would accept the following decision:} 21. Bd3 $5 a6 {[%cal Ya6b5]} (
21... Rfe8 22. h4 Qd8 23. Bb5 $14) 22. f4 Qd8 23. Bc4 $36 {[%csl Rd5,Rd8]})
21... d4 $6 {[%mdl 512] Absolutely unjustified sacrifice of the pawn.} ({
Can be recommended:} 21... c5 $5 22. Nd6 $140 Rc7 {[%csl Yc7][%cal Gd5d4]}) 22.
Nxd4 {White has a big advantage in space,therefore does not have sense to
exchange the knights:} (22. exd4 $5 Bd5 {/\c5} (22... Nf4 23. h4 (23. Qe3 $5 {
[%cal Gh2h4]}) 23... Qd8 24. Qc1 Ng6 25. g5 $36) (22... g6 $143 23. h4 Qf4 24.
Ne7+ Kg7 25. Qd2 {[%cal Yd2g2,Yd2f4]} Qg3+ 26. Qg2 Qxg2+ 27. Kxg2 $16) 23. Qe3
Qd8 24. Rc1 {[%csl Rc6][%cal Gb5c6] +/=/+/-}) 22... Nxd4 (22... Qxe5 $2 {
is refuted by:} 23. Nxe6 Qxc3 (23... Qxe6 $143 24. Bd7 {[%csl Rc8,Re6]}) 24.
bxc3 fxe6 25. Bd7 $16 {[%csl Rc8,Re6]}) 23. exd4 ({Is a possible continuation
of the play:} 23. Qxd4 a6 (23... Rfd8 $5 24. Bd7 $140 Rxd7 25. Qxd7 Qxe3+ 26.
Rf2 Qxe5 $14) 24. Be2 (24. Bd7 $143 Rcd8 {[%cal Gg5e7]} 25. Qf4 Qe7 26. Bf5
Rfe8 {[%csl Re5]} 27. Rxd8 Rxd8 $44) 24... Qe7 {[%csl Re5]} 25. f4 $14) 23...
Rfd8 {[%csl Rd4,Re5][%cal Gc7c5]} 24. Bc4 {[%cal Gd4d5]} (24. b4 $5 {[%csl Yb4,
Yd4][%cal Yb4c5,Yd4c5] is directed against progress "c5".}) 24... Bd5 25. Ba6
Rb8 {[%csl Ra6][%cal Gb6b5]} 26. Be2 (26. Qxc7 $6 Qe3+ 27. Rf2 b5 $44 {[%csl
Ra6]}) 26... c5 $1 {[%csl Gc5,Rd4,Re5][%cal Gc5d4]} 27. f4 Qh4 28. Qe3 {
It is necessary to improve an location of the queen.} ({Leads to favourable
simplifications for Black:} 28. dxc5 $6 bxc5 29. g5 $140 {[%csl Rh4]} (29. Qxc5
$6 Rxb2 $36) 29... hxg5 30. Qxc5 {[%csl Rd5]} Rxb2 31. Rxd5 Rxe2 $1 {[%csl Rg1]
} (31... Rxd5 $4 32. Qxd5 Rxe2 $140 33. Qd8+ Kh7 34. Qd3+ {[%csl Re2,Rh7]}) 32.
Rxd8+ Kh7 33. Rh8+ $1 (33. Rf2 $4 Re1+ {[%cal Gh4g4]} 34. Rf1 $8 Qg4+ 35. Kf2
Re2#) (33. Qf2 $2 Rxf2 34. Rxf2 gxf4 {=/+/-/+}) 33... Kxh8 34. Qc8+ Kh7 35.
Qf5+ Kh8 36. Qc8+ $11) 28... Ba8 (28... a5 $5 {[%csl Ya5,Yb6,Yc5]}) 29. dxc5
bxc5 30. f5 $2 {By this move White lose all advantage.} (30. b3 $5 Rd4 31. Rxd4
(31. e6 $5) 31... cxd4 32. Qd3 $14) 30... Rxb2 {[%csl Re2]} 31. Rxd8+ Qxd8 32.
e6 Qd4 $1 $11 ({Leads to unclear position:} 32... fxe6 $5 33. Qxe6+ Kf8 {
[%cal Gd8d4]}) 33. Qxd4 cxd4 (33... cxd4 {After this move Evgeny Bareev is
agreed for draw, because of next variants:} 34. Rf4 $5 (34. Bf3 Bxf3 35. Rxf3
fxe6 36. fxe6 Re2 37. Rd3 $11) 34... Rxe2 35. Rxd4 {[%csl Ra8,Ge6,Rg8][%cal
Gd4d8]} Rg2+ 36. Kf1 fxe6 37. Rd8+ Kf7 38. Rxa8 Rxg4 39. Rxa7+ Kf6 40. fxe6
Kxe6 $11) 1/2-1/2